[Event "Titled Tuesday intern op 02nd Apr Late"]
[Site "Chess.com INT"]
[Date "2024.04.02"]
[Round "5"]
[White "Pakleza, Zbigniew"]
[Black "Walentukiewicz, Michal"]
[Result "1-0"]
[WhiteElo "2489"]
[BlackElo "2070"]
[PlyCount "45"]
[EventDate "2024.04.02"]
[EventType "swiss (blitz)"]
[EventRounds "11"]
[EventCountry "USA"]
[SourceTitle "CB15_2024"]
[SourceDate "2024.04.10"]
[SourceVersion "1"]
[SourceVersionDate "2024.04.10"]
[SourceQuality "1"]

1. d4 g6 2. Nf3 Bg7 3. Bf4 c5 4. c3 cxd4 5. cxd4 d6 6. e3 Nf6 7. Nc3 0-0 8. Be2 Nc6 9. 0-0 Bf5 10. Qb3 Qd7 11. Rfc1 Rfc8 12. h3 Ne4 13. Nxe4 Bxe4 14. Ng5 d5 15. Nxe4 dxe4 16. Rc5 e6 17. Rac1 Ne7 18. Rc7 Rxc7 19. Rxc7 Qd8 20. Qxb7 Nd5 21. Rxf7 Bf8 22. Bg4 Nxf4 23. Rxf4 1-0

[Event "Titled Tuesday intern op 7th Mar Early"]
[Site "Chess.com INT"]
[Date "2023.03.07"]
[Round "1"]
[White "Steinberg, Nitzan"]
[Black "Walentukiewicz, Michal"]
[Result "1-0"]
[WhiteElo "2546"]
[BlackElo "2060"]
[PlyCount "59"]
[EventDate "2023.03.07"]
[EventType "swiss (blitz)"]
[EventRounds "11"]
[EventCountry "USA"]
[SourceTitle "EXT 2024"]
[Source "ChessBase"]
[SourceDate "2023.10.10"]
[SourceVersion "1"]
[SourceVersionDate "2023.10.10"]
[SourceQuality "1"]

1. d4 Nf6 2. Nf3 c5 3. d5 d6 4. Nc3 g6 5. e4 Bg7 6. a4 0-0 7. Bc4 Na6 8. h3 Nc7 9. 0-0 e6 10. Re1 exd5 11. exd5 h6 12. Bf4 g5 13. Nxg5 hxg5 14. Bxg5 Bf5 15. Qf3 Bxc2 16. Re2 Bg6 17. Rae1 Re8 18. g4 Rxe2 19. Rxe2 a6 20. a5 Nb5 21. Bxb5 axb5 22. h4 Rxa5 23. h5 b4 24. Ne4 Bxe4 25. Rxe4 Ra1+ 26. Kg2 Bh8 27. h6 b5 28. Qf5 Ra8 29. h7+ Kf8 30. Bh6+ 1-0

[Event "Titled Tuesday intern op 7th Mar Early"]
[Site "Chess.com INT"]
[Date "2023.03.07"]
[Round "5"]
[White "Walentukiewicz, Michal"]
[Black "Kowalczyk, Pawel"]
[Result "1-0"]
[WhiteElo "2060"]
[BlackElo "2332"]
[PlyCount "69"]
[EventDate "2023.03.07"]
[EventType "swiss (blitz)"]
[EventRounds "11"]
[EventCountry "USA"]
[SourceTitle "EXT 2024"]
[Source "ChessBase"]
[SourceDate "2023.10.10"]
[SourceVersion "1"]
[SourceVersionDate "2023.10.10"]
[SourceQuality "1"]

1. g3 g6 2. Bg2 Bg7 3. e4 c5 4. Nc3 Nc6 5. d3 d6 6. Be3 e6 7. Qd2 h6 8. Nge2 Nd4 9. Nd1 Ne7 10. c3 Nxe2 11. Qxe2 0-0 12. h4 Rb8 13. Qd2 Kh7 14. f4 f5 15. h5 b6 16. hxg6+ Nxg6 17. Nf2 d5 18. Qe2 d4 19. cxd4 cxd4 20. Bd2 Ba6 21. 0-0-0 Qd7 22. Kb1 Rfc8 23. g4 Rc5 24. exf5 exf5 25. gxf5 Rxf5 26. Be4 Rbf8 27. Rdg1 Qe6 28. Ng4 Bb7 29. Nxh6 Bxh6 30. Qh2 Ne7 31. Bxb7 R8f6 32. Be4 Qf7 33. Qh5 Qf8 34. Bb4 Kh8 35. Bxf5 1-0

[Event "Titled Tuesday intern op 03rd Jan Early"]
[Site "Chess.com INT"]
[Date "2023.01.03"]
[Round "5"]
[White "Leiva Rodriguez, Jeammarco Giuseppe"]
[Black "Walentukiewicz, Michal"]
[Result "1-0"]
[WhiteElo "2381"]
[BlackElo "2071"]
[PlyCount "45"]
[EventDate "2023.01.03"]
[EventType "swiss (blitz)"]
[EventRounds "11"]
[EventCountry "USA"]
[SourceTitle "EXT 2024"]
[Source "ChessBase"]
[SourceDate "2023.10.10"]
[SourceVersion "1"]
[SourceVersionDate "2023.10.10"]
[SourceQuality "1"]

1. e4 g6 2. d4 Bg7 3. c3 d6 4. Nf3 Nf6 5. Bd3 0-0 6. 0-0 c5 7. h3 cxd4 8. cxd4 Nc6 9. Nc3 a6 10. Re1 b5 11. Be3 Bb7 12. Rc1 Rc8 13. Qd2 Qd7 14. Bh6 Rfd8 15. Bxg7 Kxg7 16. Ne2 d5 17. e5 Ne4 18. Qe3 e6 19. Nh2 Qe7 20. f3 Qg5 21. Qxg5 Nxg5 22. h4 Nb4 23. Bb1 1-0

[Event "Titled Tuesday intern op 03rd Jan Early"]
[Site "Chess.com INT"]
[Date "2023.01.03"]
[Round "2"]
[White "Walentukiewicz, Michal"]
[Black "Miazhynski, Michael"]
[Result "1/2-1/2"]
[WhiteElo "2071"]
[BlackElo "2187"]
[PlyCount "147"]
[EventDate "2023.01.03"]
[EventType "swiss (blitz)"]
[EventRounds "11"]
[EventCountry "USA"]
[SourceTitle "EXT 2024"]
[Source "ChessBase"]
[SourceDate "2023.10.10"]
[SourceVersion "1"]
[SourceVersionDate "2023.10.10"]
[SourceQuality "1"]

1. Nf3 g6 2. c4 Bg7 3. g3 e5 4. d3 Ne7 5. Bg2 0-0 6. 0-0 d5 7. cxd5 Nxd5 8. Nc3 Nxc3 9. bxc3 e4 10. dxe4 Bxc3 11. Rb1 Nc6 12. Qc2 Bg7 13. Rd1 Qe7 14. Bg5 Qa3 15. Bf4 Nb4 16. Qb3 Qxb3 17. Rxb3 c5 18. a3 Nc6 19. Rbd3 Re8 20. Nd2 Be6 21. Bd6 Nd4 22. Bxc5 Nxe2+ 23. Kf1 Bc4 24. Kxe2 Bxd3+ 25. Kxd3 b6 26. Bb4 Rad8+ 27. Kc2 Rc8+ 28. Kb3 a5 29. Bd6 Rc3+ 30. Ka4 Rd8 31. Bf4 Rcd3 32. Be3 Bf8 33. Bf1 Rxa3+ 34. Kb5 Bb4 35. Bc4 Rxe3 36. fxe3 Rxd2 37. Rxd2 Bxd2 38. Kxb6 a4 39. Kb5 a3 40. Ka4 Bc1 41. e5 Kg7 42. e4 h6 43. e6 fxe6 44. Bxe6 Kf6 45. Bd5 Ke5 46. Kb3 Kd4 47. Bf7 g5 48. h4 Kxe4 49. hxg5 hxg5 50. Be6 Kf3 51. g4 Kf4 52. Ka2 Ke5 53. Bc8 Kd4 54. Bf5 Kc3 55. Bc8 Bb2 56. Bf5 Kd2 57. Bc8 Kc3 58. Bf5 Kd4 59. Bc8 Kc5 60. Bf5 Kd6 61. Bc8 Ke5 62. Bf5 Kd6 63. Bc8 Kc7 64. Bf5 Kb6 65. Be6 Kc5 66. Bf5 Kc6 67. Be6 Kd6 68. Bf5 Kc7 69. Be6 Kd8 70. Bf5 Ke7 71. Bc8 Kd6 72. Bf5 Ke5 73. Bc8 Kd6 74. Bf5 1/2-1/2

[Event "Titled Tuesday intern op 20th Dec Late"]
[Site "Chess.com INT"]
[Date "2022.12.20"]
[Round "6"]
[White "Haszon, David"]
[Black "Walentukiewicz, Michal"]
[Result "1-0"]
[WhiteElo "2279"]
[BlackElo "2074"]
[PlyCount "107"]
[EventDate "2022.12.20"]
[EventType "swiss (blitz)"]
[EventRounds "11"]
[EventCountry "USA"]
[SourceTitle "EXT 2024"]
[Source "ChessBase"]
[SourceDate "2023.10.10"]
[SourceVersion "1"]
[SourceVersionDate "2023.10.10"]
[SourceQuality "1"]

1. d4 g6 2. Bf4 Bg7 3. Nc3 c5 4. dxc5 Nf6 5. e4 0-0 6. Nf3 Qa5 7. Qd2 Qxc5 8. Be3 Qa5 9. Bd3 Nc6 10. 0-0 d6 11. a3 Bg4 12. b4 Qd8 13. Nd4 Nxd4 14. Bxd4 Be6 15. Rad1 Qc8 16. h3 a6 17. f4 Rd8 18. f5 Bc4 19. Qe2 Bxd3 20. cxd3 Qd7 21. g4 Rac8 22. Bxf6 Bxf6 23. Nd5 Bd4+ 24. Kg2 f6 25. fxg6 hxg6 26. Nf4 Kg7 27. Rc1 Rxc1 28. Rxc1 Rc8 29. Rc4 Rxc4 30. dxc4 Be5 31. Nd5 e6 32. Ne3 Qc6 33. Qd3 Bf4 34. Nc2 b5 35. Nd4 bxc4 36. Nxe6+ Kf7 37. Nd8+ Ke8 38. Nxc6 cxd3 39. Kf3 Bc1 40. a4 Kd7 41. Nb8+ Ke6 42. Nxa6 Ke5 43. b5 d5 44. exd5 Kxd5 45. Nb4+ Kc4 46. b6 Bb2 47. b7 Be5 48. Nxd3 Kxd3 49. h4 Kc4 50. h5 gxh5 51. gxh5 Kc5 52. h6 Kc6 53. h7 f5 54. b8Q 1-0

[Event "Titled Tuesday intern op 20th Dec Late"]
[Site "Chess.com INT"]
[Date "2022.12.20"]
[Round "3"]
[White "Walentukiewicz, Michal"]
[Black "Polster, Christian"]
[Result "1/2-1/2"]
[WhiteElo "2074"]
[BlackElo "2235"]
[PlyCount "107"]
[EventDate "2022.12.20"]
[EventType "swiss (blitz)"]
[EventRounds "11"]
[EventCountry "USA"]
[SourceTitle "EXT 2024"]
[Source "ChessBase"]
[SourceDate "2023.10.10"]
[SourceVersion "1"]
[SourceVersionDate "2023.10.10"]
[SourceQuality "1"]

1. g3 d5 2. Bg2 Nf6 3. c4 d4 4. d3 c5 5. Nf3 Nc6 6. 0-0 e5 7. e3 Bd6 8. exd4 cxd4 9. Na3 h6 10. Nc2 Nd7 11. b4 Nxb4 12. Nxb4 Bxb4 13. Qa4 Bd6 14. Ba3 Bxa3 15. Qxa3 Qe7 16. Qxe7+ Kxe7 17. Rfe1 Kd6 18. c5+ Nxc5 19. Nxe5 Be6 20. Rab1 Rab8 21. Nc4+ Kd7 22. Re5 b6 23. Bf1 Rhc8 24. f4 f6 25. Ree1 Nxd3 26. Bxd3 Bxc4 27. Bf5+ Kd6 28. Bxc8 Rxc8 29. Rbd1 d3 30. Kf2 Kd5 31. Re2 Kd4 32. Re7 Bxa2 33. Rxa7 Rc2+ 34. Kf3 Bd5+ 35. Kg4 b5 36. Rxg7 b4 37. Rd7 b3 38. Rxd3+ Kxd3 39. Rxd5+ Kc4 40. Rd8 b2 41. Rb8 Rxh2 42. Kf5 Kc3 43. Kxf6 Kc2 44. Rc8+ Kd1 45. Rb8 Kc1 46. g4 b1Q 47. Rxb1+ Kxb1 48. g5 hxg5 49. fxg5 Rf2+ 50. Ke7 Kc2 51. g6 Kd3 52. g7 Rg2 53. Kf7 Rxg7+ 54. Kxg7 1/2-1/2

[Event "Titled Tuesday intern op 13th Dec Early"]
[Site "Chess.com INT"]
[Date "2022.12.13"]
[Round "5"]
[White "Sonnenschein, Philipp"]
[Black "Walentukiewicz, Michal"]
[Result "0-1"]
[WhiteElo "2221"]
[BlackElo "2074"]
[PlyCount "142"]
[EventDate "2022.12.13"]
[EventType "swiss (blitz)"]
[EventRounds "11"]
[EventCountry "USA"]
[SourceTitle "EXT 2024"]
[Source "ChessBase"]
[SourceDate "2023.10.10"]
[SourceVersion "1"]
[SourceVersionDate "2023.10.10"]
[SourceQuality "1"]

1. e4 c5 2. Nf3 g6 3. c3 Bg7 4. d4 cxd4 5. cxd4 d6 6. Nc3 Nf6 7. h3 0-0 8. Be2 Nc6 9. 0-0 a6 10. d5 Nb8 11. Be3 b5 12. a3 Bb7 13. Qd2 Nbd7 14. Bh6 Rc8 15. Bxg7 Kxg7 16. Rac1 Nc5 17. Qe3 Qb6 18. Rfd1 b4 19. axb4 Qxb4 20. Qd4 Qxd4 21. Nxd4 Nfxe4 22. Nxe4 Nxe4 23. Nc6 Rc7 24. Bf3 Nf6 25. Nb4 Rfc8 26. Ra1 Ra8 27. Ra5 Nd7 28. Rda1 Nc5 29. R1a3 Kf6 30. Nc6 Bxc6 31. dxc6 Rb8 32. Ra2 Nd3 33. Rxa6 Rxb2 34. Rxb2 Nxb2 35. Rb6 Nc4 36. Rb7 Rc8 37. c7 Ne5 38. Be2 Ke6 39. Bb5 Nd7 40. f4 Nc5 41. Ra7 d5 42. Ba6 Nxa6 43. Rxa6+ Kd7 44. Ra5 e6 45. Kf2 Rxc7 46. Ke3 f6 47. Kd4 Kd6 48. Ra6+ Rc6 49. Ra7 e5+ 50. fxe5+ fxe5+ 51. Ke3 Rc3+ 52. Kd2 Rg3 53. Rxh7 Rxg2+ 54. Ke1 e4 55. h4 Ke5 56. h5 gxh5 57. Rxh5+ Kd4 58. Kf1 Ra2 59. Rh8 Kd3 60. Rb8 e3 61. Rb1 d4 62. Ke1 Rh2 63. Rb3+ Ke4 64. Rb8 d3 65. Re8+ Kd4 66. Rd8+ Kc4 67. Rc8+ Kb5 68. Rb8+ Kc6 69. Kf1 e2+ 70. Kg1 e1Q+ 71. Kxh2 Qe5+ 0-1

[Event "Titled Tuesday intern op 13th Dec Early"]
[Site "Chess.com INT"]
[Date "2022.12.13"]
[Round "2"]
[White "Walentukiewicz, Michal"]
[Black "Pakleza, Zbigniew"]
[Result "0-1"]
[WhiteElo "2074"]
[BlackElo "2496"]
[PlyCount "86"]
[EventDate "2022.12.13"]
[EventType "swiss (blitz)"]
[EventRounds "11"]
[EventCountry "USA"]
[SourceTitle "EXT 2024"]
[Source "ChessBase"]
[SourceDate "2023.10.10"]
[SourceVersion "1"]
[SourceVersionDate "2023.10.10"]
[SourceQuality "1"]

1. g3 d5 2. Bg2 Nf6 3. c4 c6 4. cxd5 cxd5 5. Nf3 Nc6 6. 0-0 Bf5 7. d3 e6 8. Nc3 Be7 9. Qa4 0-0 10. e4 Bg6 11. Nh4 d4 12. Nxg6 hxg6 13. Ne2 e5 14. Bh3 Qb6 15. a3 Rfd8 16. b4 a5 17. b5 Na7 18. Rb1 Nd7 19. Bxd7 Rxd7 20. Bd2 Nc8 21. Rfc1 Nd6 22. Kg2 g5 23. f4 gxf4 24. gxf4 exf4 25. Nxf4 Ne8 26. Nd5 Rxd5 27. exd5 Qg6+ 28. Kh1 Qxd3 29. Qc2 Qf3+ 30. Kg1 Nd6 31. Rb3 Qxd5 32. a4 Ne4 33. Rd3 Nxd2 34. Rxd2 Bg5 35. Re1 Bxd2 36. Qxd2 d3 37. Re3 Rd8 38. Rg3 Qd4+ 39. Kg2 b6 40. h3 g6 41. Rg4 Qd5+ 42. Kg1 Rc8 43. Qh6 d2 0-1

[Event "Titled Tuesday intern op 13th Dec Late"]
[Site "Chess.com INT"]
[Date "2022.12.13"]
[Round "1"]
[White "Walentukiewicz, Michal"]
[Black "Winkels, Marcel"]
[Result "1-0"]
[WhiteElo "2074"]
[BlackElo "1965"]
[PlyCount "77"]
[EventDate "2022.12.13"]
[EventType "swiss (blitz)"]
[EventRounds "11"]
[EventCountry "USA"]
[SourceTitle "EXT 2024"]
[Source "ChessBase"]
[SourceDate "2023.10.10"]
[SourceVersion "1"]
[SourceVersionDate "2023.10.10"]
[SourceQuality "1"]

1. g3 c5 2. Bg2 Nc6 3. Nf3 g6 4. 0-0 Bg7 5. c4 e5 6. Nc3 d6 7. d3 Nge7 8. Rb1 0-0 9. a3 a5 10. Ne1 h6 11. Nc2 Be6 12. b4 axb4 13. axb4 Rb8 14. bxc5 dxc5 15. Be3 Nd4 16. Qd2 Qd7 17. Ne4 Nxc2 18. Qxc2 b6 19. Bxh6 f5 20. Bxg7 Kxg7 21. Ng5 f4 22. Rb2 Bf5 23. Rfb1 Qd6 24. Ne4 Qc7 25. Qc3 fxg3 26. hxg3 Nc6 27. e3 Nb4 28. d4 exd4 29. exd4 Bxe4 30. Bxe4 Kh7 31. Kg2 Qg7 32. Rh1+ Kg8 33. Rxb4 cxb4 34. Bd5+ Rf7 35. Qxb4 Qxd4 36. Qd6 Qxf2+ 37. Kh3 Kg7 38. Qe5+ Qf6 39. Qxb8 1-0

[Event "Titled Tuesday intern op 06th Dec Late"]
[Site "Chess.com INT"]
[Date "2022.12.06"]
[Round "7"]
[White "Slovineanu, Viacheslav"]
[Black "Walentukiewicz, Michal"]
[Result "0-1"]
[WhiteElo "2412"]
[BlackElo "2074"]
[PlyCount "54"]
[EventDate "2022.12.06"]
[EventType "swiss (blitz)"]
[EventRounds "11"]
[EventCountry "USA"]
[SourceTitle "CBM 211 Extra"]
[Source "ChessBase"]
[SourceDate "2023.01.31"]
[SourceVersion "1"]
[SourceVersionDate "2023.01.31"]
[SourceQuality "1"]

1. d4 g6 2. e4 Bg7 3. Nc3 c5 4. dxc5 Qa5 5. Nf3 Qxc5 6. Bd2 Nf6 7. Bd3 0-0 8. 0-0 Nc6 9. a3 d6 10. h3 Qa5 11. Re1 a6 12. Nd5 Qd8 13. c3 Be6 14. Nxf6+ Bxf6 15. Bh6 Re8 16. Bc2 b5 17. Bb3 Bxb3 18. Qxb3 Na5 19. Qd5 Nc4 20. Re2 Qc7 21. a4 Rab8 22. Qd3 bxa4 23. Ra2 a3 24. bxa3 Ne5 25. Nxe5 Bxe5 26. c4 Rec8 27. Rec2 Rb1+ 0-1

[Event "Titled Tuesday intern op 06th Dec Late"]
[Site "Chess.com INT"]
[Date "2022.12.06"]
[Round "10"]
[White "Yurasova, Daria"]
[Black "Walentukiewicz, Michal"]
[Result "0-1"]
[WhiteElo "2032"]
[BlackElo "2074"]
[PlyCount "148"]
[EventDate "2022.12.06"]
[EventType "swiss (blitz)"]
[EventRounds "11"]
[EventCountry "USA"]
[SourceTitle "CBM 211 Extra"]
[Source "ChessBase"]
[SourceDate "2023.01.31"]
[SourceVersion "1"]
[SourceVersionDate "2023.01.31"]
[SourceQuality "1"]

1. d4 g6 2. c4 Bg7 3. Nc3 c5 4. Nf3 cxd4 5. Nxd4 Nc6 6. e3 Nf6 7. Be2 0-0 8. 0-0 Nxd4 9. exd4 d5 10. b3 b6 11. Bb2 Bb7 12. Rc1 Rc8 13. Bf3 Qd7 14. Re1 dxc4 15. Bxb7 Qxb7 16. Ba3 Rfe8 17. bxc4 Rxc4 18. Ne2 Rxc1 19. Qxc1 Nd5 20. Ng3 Bxd4 21. Qd2 Bg7 22. Rd1 e6 23. h3 Rc8 24. Ne4 Nc3 25. Nd6 Qa6 26. Nxc8 Qxa3 27. Re1 Nd5 28. Qg5 Bf6 29. Qg3 Qxa2 30. Qb8 Kg7 31. Qxa7 Qd2 32. Rf1 Bd4 33. Nd6 Qf4 34. Qd7 Be5 35. g3 Qd4 36. Qxf7+ Kh6 37. Qf8+ Kg5 38. Nf7+ Kf6 39. Nxe5+ Kxe5 40. Qh8+ Ke4 41. Qxh7 Qf6 42. Qd7 g5 43. Qa4+ Kf5 44. Qc2+ Ke5 45. Qe2+ Kd6 46. Qe4 b5 47. Kg2 b4 48. Rd1 Kc5 49. Rc1+ Nc3 50. Qe3+ Kc4 51. Qe4+ Kc5 52. Qe3+ Kc4 53. Qe2+ Kc5 54. Qb2 Qd4 55. Kh2 e5 56. Re1 e4 57. Qc2 Qd3 58. Qb3 Qd2 59. Rf1 e3 60. Kg2 e2 61. Rh1 e1Q 62. Rxe1 Qxe1 63. Qf7 Qe4+ 64. Kh2 g4 65. Qf8+ Kc4 66. hxg4 Qxg4 67. Qf7+ Kd3 68. Qh7+ Qe4 69. Qd7+ Ke2 70. f4 Kf1 71. Kh3 Ke2 72. f5 Nd5 73. Qe6 Qxe6 74. fxe6 b3 0-1

[Event "Titled Tuesday intern op 22nd Nov Late"]
[Site "Chess.com INT"]
[Date "2022.11.22"]
[Round "3"]
[White "Gascon del Nogal, Jose Rafael"]
[Black "Walentukiewicz, Michal"]
[Result "0-1"]
[WhiteElo "2458"]
[BlackElo "2088"]
[PlyCount "56"]
[EventDate "2022.11.22"]
[EventType "swiss (blitz)"]
[EventRounds "11"]
[EventCountry "USA"]
[SourceTitle "CBM 211 Extra"]
[Source "ChessBase"]
[SourceDate "2023.01.31"]
[SourceVersion "1"]
[SourceVersionDate "2023.01.31"]
[SourceQuality "1"]

1. Nf3 g6 2. d4 Bg7 3. e4 c5 4. c4 cxd4 5. Nxd4 Nc6 6. Be3 Nf6 7. Nc3 0-0 8. Be2 d6 9. 0-0 Bd7 10. f4 a5 11. Ndb5 Qb8 12. g4 Rc8 13. g5 Ne8 14. Nd5 Bxb2 15. Nb6 Bh3 16. Rb1 Bg7 17. Bg4 Bxg4 18. Qxg4 Rd8 19. Nxa8 Qxa8 20. Bb6 Rc8 21. Rf3 Nb4 22. Rh3 Rxc4 23. Qh4 Qc8 24. Qxh7+ Kf8 25. Be3 Rxe4 26. Rc1 Rc4 27. Rd1 Qg4+ 28. Kf2 Qxd1 0-1

[Event "Titled Tuesday intern op 22nd Nov Late"]
[Site "Chess.com INT"]
[Date "2022.11.22"]
[Round "1"]
[White "Makridis, Dimitrios"]
[Black "Walentukiewicz, Michal"]
[Result "1-0"]
[WhiteElo "2372"]
[BlackElo "2088"]
[PlyCount "97"]
[EventDate "2022.11.22"]
[EventType "swiss (blitz)"]
[EventRounds "11"]
[EventCountry "USA"]
[SourceTitle "CBM 211 Extra"]
[Source "ChessBase"]
[SourceDate "2023.01.31"]
[SourceVersion "1"]
[SourceVersionDate "2023.01.31"]
[SourceQuality "1"]

1. e4 g6 2. d4 Bg7 3. Nc3 c5 4. dxc5 Qa5 5. Bd2 Qxc5 6. Nd5 b6 7. Nf3 Nf6 8. Bc3 Nxe4 9. Bd4 Bxd4 10. Qxd4 Qxd4 11. Nxd4 Kd8 12. f3 Nc5 13. 0-0-0 Ne6 14. Bc4 Nxd4 15. Rxd4 e6 16. Ne3 d5 17. Bb3 Nc6 18. Rd2 Kc7 19. Rhd1 Bb7 20. f4 Na5 21. c4 Nxb3+ 22. axb3 Rad8 23. cxd5 Bxd5 24. Nxd5+ exd5 25. Rxd5 Rxd5 26. Rxd5 Rd8 27. Re5 Kd6 28. g3 Rc8+ 29. Kd2 f6 30. Re1 Rc5 31. b4 Rc4 32. Ra1 Rxb4 33. Kc3 Re4 34. Rxa7 h5 35. Rg7 Re2 36. h4 Re3+ 37. Kd2 Rxg3 38. f5 Ke5 39. fxg6 Kf5 40. Rb7 Rxg6 41. Rxb6 Rg4 42. b4 Rxh4 43. b5 Rh1 44. Rb8 h4 45. Kc2 h3 46. b6 h2 47. Rh8 Ra1 48. b7 Ra2+ 49. Kb1 1-0

[Event "Titled Tuesday intern op 22nd Nov Late"]
[Site "Chess.com INT"]
[Date "2022.11.22"]
[Round "7"]
[White "Walentukiewicz, Michal"]
[Black "Kleiman, Jake"]
[Result "0-1"]
[WhiteElo "2088"]
[BlackElo "2399"]
[PlyCount "112"]
[EventDate "2022.11.22"]
[EventType "swiss (blitz)"]
[EventRounds "11"]
[EventCountry "USA"]
[SourceTitle "CBM 211 Extra"]
[Source "ChessBase"]
[SourceDate "2023.01.31"]
[SourceVersion "1"]
[SourceVersionDate "2023.01.31"]
[SourceQuality "1"]

1. g3 d5 2. Bg2 e6 3. c4 Nf6 4. cxd5 exd5 5. Nf3 Be7 6. 0-0 0-0 7. d3 Bg4 8. Nc3 Nc6 9. e4 dxe4 10. dxe4 Bb4 11. h3 Qxd1 12. Rxd1 Bxf3 13. Bxf3 Bxc3 14. bxc3 Rfe8 15. Re1 Ne5 16. Kg2 Rad8 17. Bg5 Nxf3 18. Kxf3 Rd3+ 19. Kg2 Nxe4 20. f3 Nd6 21. Rxe8+ Nxe8 22. Re1 Nd6 23. c4 f6 24. Bf4 Kf7 25. c5 Ne8 26. Rb1 b6 27. cxb6 axb6 28. Rc1 c5 29. Rb1 g5 30. Bb8 Rd2+ 31. Kf1 Rxa2 32. Rxb6 h5 33. Rb7+ Kg6 34. h4 gxh4 35. gxh4 Ng7 36. Rc7 Rc2 37. Ba7 c4 38. Rc6 Nf5 39. Bb8 Kf7 40. Rc5 Ke6 41. Rc6+ Kf7 42. Rc7+ Kg6 43. Rc6 Ne3+ 44. Ke1 Kf5 45. Rc5+ Kg6 46. Rc6 Nd5 47. Rc5 Nb4 48. Kd1 Nd3 49. Rc6 Rg2 50. Ba7 Ne5 51. Rc7 Kf5 52. Bd4 Nxf3 53. Rxc4 Rd2+ 54. Kc1 Rxd4 55. Rc5+ Kg4 56. Rxh5 Kxh5 0-1

[Event "Speed Chess Q2"]
[Site "Chess.com INT"]
[Date "2022.11.12"]
[Round "2"]
[White "Rasulov, Vugar Ural Oglu"]
[Black "Walentukiewicz, Michal"]
[Result "1-0"]
[WhiteElo "2525"]
[BlackElo "2088"]
[PlyCount "33"]
[EventDate "2022.11.12"]
[EventType "swiss (blitz)"]
[EventRounds "14"]
[EventCountry "USA"]
[SourceTitle "CBM 211 Extra"]
[Source "ChessBase"]
[SourceDate "2023.01.31"]
[SourceVersion "1"]
[SourceVersionDate "2023.01.31"]
[SourceQuality "1"]

1. e4 c5 2. Nf3 g6 3. d4 Bg7 4. dxc5 Qa5+ 5. c3 Qxc5 6. Na3 Nf6 7. Be3 Qa5 8. Nc4 Qc7 9. e5 Ng4 10. Bd4 Nc6 11. Nd6+ Kf8 12. Nxf7 Kxf7 13. Ng5+ Ke8 14. Qxg4 Nxe5 15. Qg3 d6 16. Bb5+ Nc6 17. Bxg7 1-0

[Event "Speed Chess Q2"]
[Site "Chess.com INT"]
[Date "2022.11.12"]
[Round "4"]
[White "Walentukiewicz, Michal"]
[Black "Dehtiarov, Roman"]
[Result "0-1"]
[WhiteElo "2088"]
[BlackElo "2300"]
[PlyCount "74"]
[EventDate "2022.11.12"]
[EventType "swiss (blitz)"]
[EventRounds "14"]
[EventCountry "USA"]
[SourceTitle "CBM 211 Extra"]
[Source "ChessBase"]
[SourceDate "2023.01.31"]
[SourceVersion "1"]
[SourceVersionDate "2023.01.31"]
[SourceQuality "1"]

1. g3 Nf6 2. Bg2 d5 3. c4 e6 4. cxd5 exd5 5. Nf3 c6 6. 0-0 Bd6 7. d3 0-0 8. Nc3 Re8 9. e4 Bg4 10. h3 Bh5 11. g4 Bg6 12. Nh4 Bc7 13. Nxg6 hxg6 14. f4 Nbd7 15. e5 Nh7 16. d4 f6 17. Kh1 Nhf8 18. b4 fxe5 19. dxe5 g5 20. fxg5 Bxe5 21. Qd3 Ne6 22. h4 Qe7 23. Rb1 Rf8 24. Bd2 Nb6 25. Rxf8+ Rxf8 26. Re1 Bc7 27. Qg6 Re8 28. b5 Nc4 29. Nxd5 cxd5 30. Bxd5 Ne5 31. Qf5 Qd6 32. Be4 Ng6 33. Qf2 Rf8 34. Qg1 Qxd2 35. Bxg6 Rf2 36. Qg3 Rh2+ 37. Kg1 Bxg3 0-1

[Event "Speed Chess Q2"]
[Site "Chess.com INT"]
[Date "2022.11.12"]
[Round "3"]
[White "Walentukiewicz, Michal"]
[Black "Tan, Zhongyi"]
[Result "0-1"]
[WhiteElo "2088"]
[BlackElo "2514"]
[PlyCount "68"]
[EventDate "2022.11.12"]
[EventType "swiss (blitz)"]
[EventRounds "14"]
[EventCountry "USA"]
[SourceTitle "CBM 211 Extra"]
[Source "ChessBase"]
[SourceDate "2023.01.31"]
[SourceVersion "1"]
[SourceVersionDate "2023.01.31"]
[SourceQuality "1"]

1. g3 d5 2. Bg2 c5 3. c4 d4 4. d3 e5 5. Nf3 Nc6 6. 0-0 Nf6 7. e3 Be7 8. exd4 cxd4 9. Na3 0-0 10. Nc2 Nd7 11. Rb1 a5 12. a3 a4 13. b4 axb3 14. Rxb3 Nc5 15. Rb5 Bf5 16. Nfe1 Qc7 17. f4 Na4 18. Qf3 Nc3 19. Rb2 e4 20. dxe4 Bxe4 21. Qf2 d3 22. Nb4 Ne2+ 23. Rxe2 dxe2 24. Qxe2 Bc5+ 25. Kh1 Bxg2+ 26. Nxg2 Nxb4 27. axb4 Bxb4 28. Ne3 Rfe8 29. Qf3 Qc6 30. Kg2 Ra2+ 31. Kh3 Qh6+ 32. Kg4 Rxh2 33. f5 Qh5+ 34. Kf4 Bd6# 0-1

[Event "Titled Tuesday intern op 06th Sep Late"]
[Site "Chess.com INT"]
[Date "2022.09.06"]
[Round "1"]
[White "Walentukiewicz, Michal"]
[Black "Vlassov, Nikolai"]
[Result "1-0"]
[WhiteElo "2097"]
[BlackElo "2283"]
[PlyCount "107"]
[EventDate "2022.09.06"]
[EventType "swiss (blitz)"]
[EventRounds "11"]
[EventCountry "USA"]
[SourceTitle "EXT 2023"]
[Source "ChessBase"]
[SourceDate "2022.10.05"]
[SourceVersion "1"]
[SourceVersionDate "2022.10.05"]
[SourceQuality "1"]

1. e4 Nc6 2. Nc3 Nf6 3. f4 d5 4. e5 d4 5. exf6 dxc3 6. fxg7 cxd2+ 7. Qxd2 Bxg7 8. Qxd8+ Nxd8 9. c3 Bf5 10. Be3 Ne6 11. 0-0-0 h5 12. Nf3 h4 13. Bd3 Bg4 14. f5 Bxf3 15. gxf3 Nf8 16. Bc4 c6 17. Rhe1 b5 18. Bb3 a5 19. Bg5 f6 20. Be3 Bh6 21. f4 a4 22. Bc5 Rh7 23. Bg8 Bxf4+ 24. Kc2 Rg7 25. Be6 Bxh2 26. Bb6 Be5 27. Re2 h3 28. Red2 Bd6 29. Bc5 Nxe6 30. Bxd6 exd6 31. Re2 Re7 32. fxe6 0-0-0 33. Rh1 Rh8 34. Re3 h2 35. Kd3 Kc7 36. Re2 d5 37. Kd4 Kd6 38. Rexh2 c5+ 39. Kd3 Rxh2 40. Rxh2 Rxe6 41. Rh4 c4+ 42. Kd2 f5 43. Rh5 Rf6 44. Rh8 f4 45. Rb8 f3 46. Ke1 f2+ 47. Kf1 Kc6 48. Rc8+ Kb7 49. Rd8 Rf5 50. Re8 a3 51. bxa3 Rf3 52. Rd8 Rxc3 53. Rxd5 Kc6 54. Rd2 1-0